| 000 -ლიდერი |
| ფიქსირებული სიგრძის საკონტროლო ველი |
02038nam a2200241Ia 4500 |
| 001 - საკონტროლო ნომერი |
| საკონტროლო ველი |
22527 |
| 003 - საკონტროლო ნომრის იდენტიფიკატორი |
| საკონტროლო ველი |
GE_BSU |
| 005 - ბოლო ოპერაციის თარიღი და დრო |
| საკონტროლო ველი |
20210330142322.0 |
| 008 - ფიქსირებული სიგრძის მონაცემთა ელემენტები - ზოგადი ინფორმაცია |
| ფიქსირებული სიგრძის საკონტროლო ველი |
181216s2016||||ge |||||||||||||| ||geo|| |
| 040 ## - კატალოგიზაციის წყარო |
| Transcribing agency |
GE_BSU |
| 041 ## - ენის კოდი |
| Language code of text/sound track or separate title |
geo |
| 080 ## - უნივერსალური ათობითი კლასიფიკაციის ინდექსი |
| Universal Decimal Classification number |
61 დ-15 |
| 100 ## - მთავარი ჩანაწერი - პიროვნების სახელი |
| Personal name |
დავარაშვილი, ხათუნა |
| 9 (RLIN) |
10850 |
| 245 ## - ცნობა სათაურის შესახებ |
| Title |
კბილის პულპის დემიელინიზაციისა და ძირითადი ნივთიერებების რეაქტიულ ცვლილებათა როლი ტკივილის აღმოცენების მექანიზმში მწვავე და ქრონიკული პულპიტების დროს / |
| Statement of responsibility, etc |
ხათუნა დავარაშვილი; სამეცნ. ხელ-ლი ნ. კორსანტია. თბილისის სახელმწიფო სამედიცინო უნივერსიტეტი |
| 264 ## - წარმოების, გამოცემის, დისტრიბუციის და სხვა ცნობები |
| გამოცემის, წარმოების, დისტრიბუციის... ადგილი |
თბილისი : |
| გამოცემის, წარმოების, დისტრიბუციის... სახელწოდება |
თბილისის სახ-ლო სამედიცინო უნ-ტი, |
| გამოცემის, წარმოების, დისტრიბუციის... თარიღი |
2016. |
| 300 ## - ფიზიკური აღწერა |
| Extent |
201 გვ.; |
| Other physical details |
30 სმ. |
| 653 ## - INDEX TERM--UNCONTROLLED |
| Uncontrolled term |
კბილის პულპის დემიელინიზაციისა და ძირითადი ნივთიერებების რეაქტიულ ცვლილებათა როლი ტკივილის აღმოცენების მექანიზმში მწვავე და ქრონიკული პულპიტების დროს |
| 653 ## - INDEX TERM--UNCONTROLLED |
| Uncontrolled term |
მედიცინა. სტომატოლოგია |
| 653 ## - INDEX TERM--UNCONTROLLED |
| Uncontrolled term |
დისერტაცია |
| 700 ## - ADDED ENTRY--PERSONAL NAME |
| Personal name |
კორსანტია, ნ. |
| Relator term |
სამეცნიერო ხელმძღვანელი |
| 9 (RLIN) |
10851 |
| 710 ## - ADDED ENTRY--CORPORATE NAME |
| Corporate name or jurisdiction name as entry element |
თბილისის სახელმწიფო სამედიცინო უნივერსიტეტი |
| 9 (RLIN) |
9697 |
| 942 ## - ADDED ENTRY ELEMENTS (KOHA) |
| Koha item type |
წიგნი |
| Source of classification or shelving scheme |
|